000 00392nam a22001457a 4500
005 20200608105111.0
008 200608b xxu||||| |||| 00| 0 eng d
082 _a345.4
110 _aALL INDIA REPORTER
_95852
245 _aALL INDIA REPORTER2008 (V-95) HIMACHAL PRADESH SECTION
260 _aMUMBAI
_bALL INDIA REPORTER , PVT LTD.
300 _a256;p
650 _aLAW
_95701
942 _cJRL
999 _c6916
_d6914